| 000 | 00537cab a2200181 4500 | ||
|---|---|---|---|
| 001 | WB2611-22 | ||
| 008 | 090401t1990 xxu||||| |||| 00| 0 eng d | ||
| 035 | _a(Sirsi) u9735 | ||
| 041 | _aeng | ||
| 245 | _aNew efficiency at Land Registry | ||
| 260 | _c1990 | ||
| 350 | _a0 | ||
| 490 |
_aDoE for Northern Ireland _v14 March 1990 (1) |
||
| 520 | _aMeasures, including computerisation, will speed up the processing of applications made to the Land Registry in Northern Ireland . | ||
| 690 | _aLAND | ||
| 942 | _n0 | ||
| 948 | _c04/03/1997 | ||
| 999 |
_c6121 _d6121 |
||